000 00361nam a2200121Ia 4500
008 250110s9999 xx 000 0 und d
041 _aeng
100 _aBarve A.
_9182053
245 _aLandscape Redevelopment Of M T D C Resort : At Mahabaleshwar
260 _bM Arch Landscape, Pune
_c2009
300 _a90p
700 _aGuide Name:Sahastrabuddhe Swati
_9209700
999 _c362890
_d362890